00444 2200169 4500245005000000020002200050250001100072100001800083700001500101650004300116005001900159260004200178041001400220084000800234300002300242336000900265 aBulan di Langit CarolinacRoberts, NorahText a978-979-22-8571-0 aCet. 1 aRoberts, Nora aDharmawati aNovel Inggris (dalam Bahasa Indonesia) a20241018113452 aJakartabGramedia Pustaka Utamac2012 aIndonesia a823 a624 hlm. :c20 cm. atext